Kne replacement. (2nd ed.) (Record no. 31881)
[ view plain ]
| 000 -LEADER | |
|---|---|
| fixed length control field | 00749nam a2200205 a 4500 |
| 008 - FIXED-LENGTH DATA ELEMENTS--GENERAL INFORMATION | |
| fixed length control field | 160215s2011 ||||||||||||||||| || u |
| 020 ## - INTERNATIONAL STANDARD BOOK NUMBER | |
| International Standard Book Number | 9789350251683 |
| 050 ## - LIBRARY OF CONGRESS CALL NUMBER | |
| Classification number | RD 561 Mar |
| 100 ## - MAIN ENTRY--PERSONAL NAME | |
| Personal name | Marya, SKS |
| 245 10 - TITLE STATEMENT | |
| Title | Kne replacement. (2nd ed.) |
| Statement of responsibility, etc. | By SKS Marya [and] R Thukral |
| 250 ## - EDITION STATEMENT | |
| Edition statement | 2nd ed. |
| 260 ## - PUBLICATION, DISTRIBUTION, ETC. | |
| Place of publication, distribution, etc. | New Delhi: |
| Name of publisher, distributor, etc. | Jaypee Brothers Medical publishers |
| Date of publication, distribution, etc. | 2011 |
| 300 ## - PHYSICAL DESCRIPTION | |
| Extent | xvii,157p.: ill. |
| 350 ## - | |
| -- | 20.00 |
| 500 ## - GENERAL NOTE | |
| General note | accompanied by a CD-ROM |
| 650 ## - SUBJECT ADDED ENTRY--TOPICAL TERM | |
| Topical term or geographic name entry element | ARTIFICIAL KNEE |
| 650 ## - SUBJECT ADDED ENTRY--TOPICAL TERM | |
| Topical term or geographic name entry element | KNEE SURGERY |
| 650 ## - SUBJECT ADDED ENTRY--TOPICAL TERM | |
| Topical term or geographic name entry element | ARTHROPLASTY, REPLACEMENT, KNEE |
| 995 ## - | |
| -- | MEDICAL LIBRARY OPEN ACCESS |
| -- | 903598 |
| -- | CBU-SCHOOL OF MEDICINE LIBRARY (Ndola) |
| -- | 20.00 |
| -- | RD 561 Mar |
| -- | 1 |
| -- | AVAILABLE |
| -- | Feb 15, 2016 |
| -- | 903598 |
| -- | Medical Library Open Access Collection |
| 999 ## - | |
| -- | 31881 |
| -- | 31881 |
| Withdrawn status | Lost status | Source of classification or shelving scheme | Damaged status | Not for loan | Permanent Location | Current Location | Shelving location | Date acquired | Total Checkouts | Full call number | Barcode | Date last seen | Price effective from | Koha item type |
|---|---|---|---|---|---|---|---|---|---|---|---|---|---|---|
| CBU-SCHOOL OF MEDICINE LIBRARY, NDOLA. | CBU-SCHOOL OF MEDICINE LIBRARY, NDOLA. | 11/30/2022 | RD 561 Mar | 903598 | 11/30/2022 | 11/30/2022 | MONOGRAPH |